Spell the Fantastic Four Member #23 - Statistics

General Stats
  • This quiz has been taken 8 times
  • The average score is 5 of 6
Answer Stats
Picture Answer % Correct
Medusa
100%
Okoye
100%
Storm
88%
Roz Solomon
75%
Thundra
75%
Sky
38%
No matching quizzes found
Score Distribution
Percent of People with Each Score
Percentile by Number Answered
Your Score History
You have not taken this quiz